| 000 | 00845nam a22002055i 4500 | ||
|---|---|---|---|
| 001 | 157858 | ||
| 003 | ES-MaACL | ||
| 005 | 20251118150223.0 | ||
| 008 | 960620s1882 sp |||| | spa d | ||
| 040 |
_aCLM _bspa _cCLM |
||
| 080 | _a623.444(089.3) | ||
| 100 | 1 |
_aLlave, Pedro de la, _d1815-1888 _9128507 |
|
| 245 | 1 | 0 |
_aGrabados y lemas de armas blancas / _cpor El Excmo. Sr. D. Pedro de la Llave ; seguido de algunas consideraciones sobre el mismo asunto por Guillermo Martínez. |
| 260 |
_aMadrid : _b[s.n.], _c1882 ( _fImprenta de Gregorio Hernando) |
||
| 300 |
_a54 p. ; _c22 cm. |
||
| 650 | 4 |
_aArmas blancas- _vMáximas y aforismos. _9137630 |
|
| 700 | 1 |
_aMartínez, Guillermo, _dfl. 1879-1912 _9129659 |
|
| 852 |
_aES-MaACL _jG-9795 _z-- Enc. hol. _z-- An. ms.: ded. del autor al Ateneo de Madrid |
||
| 999 |
_c157858 _d157858 |
||